Pojďte s námi programovat C#

Vývoj prakticky orientovaných programov. Relačné operátory a rozhodovacie príkazy. Praktické príklady.

Salvato in:
Dettagli Bibliografici
Autore principale: Hanák, Ján
Natura: Capitolo di libro
Lingua:ceco
Soggetti:
Tags: Aggiungi Tag
Nessun Tag, puoi essere il primo ad aggiungerne!!

MARC

LEADER 00000naa$a2200000$$$4500
001 0088438
005 20250626123816.1
041 0 |a cze 
044 |a CZ 
245 1 0 |a Pojďte s námi programovat C#  |c Ján Hanák 
520 |a Vývoj prakticky orientovaných programov. Relačné operátory a rozhodovacie príkazy. Praktické príklady. 
610 2 0 |a jazyky programovacie 
610 2 0 |a kurzy 
610 2 0 |a programovanie 
610 2 0 |a programy počítačové 
100 1 |a Hanák, Ján